000 01506cam a2200469 a 4500
001 14290147
003 OSt
005 20140310184400.0
008 060307s2005 nyuab b 000 1 eng d
010 _a 2006295565
020 _a0439691443 (pbk.)
020 _a1415606846 (BWI bdg.)
020 _a9780439691444
035 _a(OCoLC)ocm60585209
040 _aBKX
_cBKX
_dBAKER
_dOCLCQ
_dEHH
_dX#4
_dVP@
_dXY4
_dDLC
041 1 _aeng
_hita
042 _alcac
_alccopycat
043 _an-usp--
050 0 0 _aPZ 7
_b.St857Www 2005
100 _aStilton, Geronimo
130 0 _aQuattro topi nel far west!
_lEnglish.
_925736
245 1 4 _aThe wild, wild West /
_cGeronimo Stilton ; [illustrations by Larry Keys and Ratterto Rattonchi].
260 _aNew York :
_bScholastic,
_c2005.
300 _a106 p. :
_bcol. ill. ;
_c20 cm.
521 1 _aG2
526 _c460
650 0 _aStilton, Geronimo (Fictitious character)
_vJuvenile fiction.
_925737
650 0 _aWestern stories.
_925738
650 0 _aMice
_vJuvenile fiction.
_925739
650 0 _aRats
_vJuvenile fiction.
_925740
650 1 _aMice
_vFiction.
_925741
650 1 _aRats
_vFiction.
_925742
650 1 _aJournalists
_vFiction.
_925743
650 1 _aHumorous stories.
_93831
651 1 _aWest (U.S.)
_vFiction.
_925744
906 _a7
_bcbc
_ccopycat
_d2
_encip
_f20
_gy-gencatlg
942 _2lcc
_cBK-SCHOLAS
999 _c34037
_d34037